Calculating flood risk (Record no. 67361)
[ view plain ]
| 000 -LEADER | |
|---|---|
| fixed length control field | 00772cam a2200205 4500 |
| 001 - CONTROL NUMBER | |
| control field | WB3724-20 |
| 008 - FIXED-LENGTH DATA ELEMENTS--GENERAL INFORMATION | |
| fixed length control field | 000000n2001 000 0 eng u |
| 035 ## - SYSTEM CONTROL NUMBER | |
| System control number | (Sirsi) u113138 |
| 245 ## - TITLE STATEMENT | |
| Title | Calculating flood risk |
| 260 ## - PUBLICATION, DISTRIBUTION, ETC. | |
| Date of publication, distribution, etc. | 2001 |
| 490 ## - SERIES STATEMENT | |
| Series statement | Surveying World |
| Volume/sequential designation | 9(4) May/June 2001, 12(1) |
| 520 ## - SUMMARY, ETC. | |
| Summary, etc. | A new flood risk assessment service has been developed by cartographers Lovell Johns. This will allow insurance companies to make quick and accurate assessments of flood dangers of particular locations. The whole assessment process can take as little as half an hour. |
| 590 ## - LOCAL NOTE (RLIN) | |
| Local note | WB |
| 650 ## - SUBJECT ADDED ENTRY--TOPICAL TERM | |
| Topical term or geographic name entry element | FLOOD RISK |
| 650 ## - SUBJECT ADDED ENTRY--TOPICAL TERM | |
| Topical term or geographic name entry element | LOVELL JOHNS |
| 650 ## - SUBJECT ADDED ENTRY--TOPICAL TERM | |
| Topical term or geographic name entry element | INSURANCE ASSESSMENTS |
| 650 ## - SUBJECT ADDED ENTRY--TOPICAL TERM | |
| Topical term or geographic name entry element | GIS SOFTWARE |
| 690 ## - LOCAL SUBJECT ADDED ENTRY--TOPICAL TERM (OCLC, RLIN) | |
| Topical term or geographic name as entry element | ENVIRONMENT-AUDIT/ASSESSMENT |
| 942 ## - ADDED ENTRY ELEMENTS (KOHA) | |
| Suppress in OPAC | 0 |
| Withdrawn status | Lost status | Source of classification or shelving scheme | Damaged status | Not for loan | Home library | Current library | Shelving location | Date acquired | Total Checkouts | Full call number | Barcode | Date last seen | Copy number | Price effective from | Koha item type |
|---|---|---|---|---|---|---|---|---|---|---|---|---|---|---|---|
| Dewey Decimal Classification | London | London | News article | 19/06/2001 | WB3724-20 | 113138-1001 | 06/08/2019 | 1 | 06/08/2019 | News article |